000 00730cam a22002413a 4500
001 32858
003 PGUSA
005 20140828083718.0
008 100617s2010||||xxu|||||s|||||000 | eng d
040 _aPGUSA
_beng
042 _adc
050 4 _aDA
100 1 _aRitchie, J. Ewing
_q(James Ewing),
_d1820-1898
245 1 4 _aThe Cruise of the Elena; Or, Yachting in the Hebrides
_h[electronic resource] /
_cJ. Ewing Ritchie
260 _bProject Gutenberg,
_c2010
506 _aPublic domain in the USA.
516 _aElectronic text
653 _aYachting
653 _aHebrides (Scotland) -- Description and travel
830 0 _aProject Gutenberg
_v32858
856 4 0 _uhttp://www.gutenberg.org/ebooks/32858
942 _cEB
999 _c262113
_d262113